[Event "NED-ch U16 op"]
[Site "Borne"]
[Date "2019.08.09"]
[Round "7"]
[White "Heskes, Johan"]
[Black "Molanus, Lennart"]
[Result "0-1"]
[WhiteElo "1535"]
[BlackElo "1619"]
[PlyCount "70"]
[EventDate "2019.08.05"]
[EventType "swiss"]
[EventRounds "9"]
[EventCountry "NED"]
[SourceTitle "EXT 2020"]
[Source "ChessBase"]
[SourceDate "2019.10.17"]
[SourceVersion "1"]
[SourceVersionDate "2019.10.17"]
[SourceQuality "1"]

1. d4 Nf6 2. c4 g6 3. Nc3 Bg7 4. e4 d6 5. f4 0-0 6. Nf3 c5 7. d5 e6 8. Bd3 exd5 9. cxd5 Re8 10. 0-0 Nbd7 11. h3 Rb8 12. Qc2 Qc7 13. Bc4 a6 14. a4 Nb6 15. Be2 Nbd7 16. Bc4 Nb6 17. Be2 c4 18. a5 Nbd7 19. Nd2 b5 20. axb6 Nxb6 21. Na4 Bd7 22. Nxb6 Qxb6+ 23. Kh1 Bb5 24. Bxc4 Qc5 25. Rb1 Nxe4 26. Nxe4 Qxc4 27. Qxc4 Bxc4 28. Nxd6 Bxf1 29. Nxe8 Rxe8 30. Bd2 Bd3 31. Rc1 Bxb2 32. Rc6 Re2 33. d6 Rxd2 34. d7 Bf6 35. Rxf6 Bb5 0-1

[Event "Utrecht OKU op-B 45th"]
[Site "Utrecht"]
[Date "2018.06.02"]
[Round "3"]
[White "Koks, Paul"]
[Black "Molanus, Lennart"]
[Result "1-0"]
[WhiteElo "1608"]
[BlackElo "1473"]
[PlyCount "61"]
[EventDate "2018.06.01"]
[EventType "swiss"]
[EventRounds "6"]
[EventCountry "NED"]
[SourceTitle "EXT 2019"]
[Source "ChessBase"]
[SourceDate "2018.10.10"]
[SourceVersion "1"]
[SourceVersionDate "2018.10.10"]
[SourceQuality "1"]

1. d4 d5 2. c4 c6 3. Nc3 Nf6 4. Nf3 a6 5. e3 Bf5 6. Qb3 Ra7 7. Be2 e6 8. 0-0 Be7 9. h3 0-0 10. Nh4 Be4 11. f3 dxc4 12. Bxc4 Bd5 13. f4 b5 14. Bxd5 cxd5 15. Nf3 Nbd7 16. a3 Qa5 17. Bd2 Qb6 18. Rac1 Ne4 19. Nxe4 dxe4 20. Ne5 Nxe5 21. fxe5 b4 22. axb4 a5 23. b5 a4 24. Qc4 Rb8 25. d5 Qxb5 26. d6 Qxb2 27. Bc3 Qb6 28. Bd4 Qb7 29. Bxa7 Qxa7 30. dxe7 Qxe3+ 31. Kh1 1-0

[Event "Groningen op-B 55th"]
[Site "Groningen"]
[Date "2017.12.23"]
[Round "2"]
[White "Molanus, Lennart"]
[Black "Smit, Wim"]
[Result "1/2-1/2"]
[WhiteElo "1603"]
[BlackElo "1398"]
[PlyCount "65"]
[EventDate "2017.12.22"]
[EventType "swiss"]
[EventRounds "9"]
[EventCountry "NED"]
[SourceTitle "CBM 182 Extra"]
[Source "ChessBase"]
[SourceDate "2018.02.23"]
[SourceVersion "1"]
[SourceVersionDate "2018.02.23"]
[SourceQuality "1"]

1. c4 Nf6 2. Nc3 e6 3. Nf3 b6 4. g3 Bb7 5. Bg2 Be7 6. 0-0 d5 7. b3 0-0 8. Bb2 Re8 9. e3 Nbd7 10. d3 c5 11. a4 Qc7 12. Ne1 a6 13. Nc2 Nf8 14. cxd5 exd5 15. Na2 Red8 16. Qe2 Ne6 17. d4 a5 18. Nc3 cxd4 19. Nb5 Qd7 20. Ncxd4 Nxd4 21. Bxd4 Bc5 22. Bxc5 bxc5 23. Rac1 Rdc8 24. Rfd1 Qe7 25. Qb2 Bc6 26. Bh3 Rcb8 27. Bf1 d4 28. exd4 Qe4 29. f3 Qe3+ 30. Qf2 Qxb3 31. dxc5 Qxa4 32. Ra1 Qb4 33. Rab1 1/2-1/2